Statistics for Countries that recognize Palestine

Click here to take the quiz!

General Stats

  • This quiz has been taken 26 times
  • The average score is 91 of 113

Answer Stats

Hint Answer % Correct
EuropeRussia
100%
South AmericaBrazil
100%
AsiaIraq
96%
AsiaIran
96%
AsiaIndia
96%
AsiaLebanon
96%
AsiaYemen
96%
AsiaSaudi Arabia
96%
AfricaNiger
96%
AfricaOman
96%
AfricaEgypt
92%
AsiaNorth Korea
92%
AsiaPakistan
92%
AsiaSyria
92%
AfricaNigeria
92%
AfricaMorocco
92%
EuropeAlbania
92%
AfricaSomalia
92%
North AmericaCuba
92%
AsiaChina
92%
AfricaAlgeria
92%
AsiaTurkey
92%
South AmericaArgentina
92%
South AmericaVenezuela
92%
South AmericaChile
88%
AfricaZambia
88%
AfricaLibya
88%
AsiaMalaysia
88%
AsiaBangladesh
88%
EuropeBelarus
88%
North AmericaBelize
88%
EuropeBosnia and Herzegovina
88%
AsiaQatar
88%
EuropeUkraine
88%
South AmericaEcuador
88%
EuropeRomania
88%
EuropeBulgaria
88%
AfricaTunisia
88%
AfricaChad
88%
AfricaSudan
88%
AfricaZimbabwe
88%
South AmericaParaguay
85%
South AmericaUruguay
85%
AsiaMongolia
85%
AsiaMaldives
85%
EuropeSerbia
85%
AsiaAfghanistan
85%
AsiaGeorgia
85%
AsiaBrunei
85%
AfricaAngola
85%
North AmericaCosta Rica
85%
AsiaAzerbaijan
85%
AfricaEthiopia
85%
South AmericaGuyana
85%
EuropeSlovakia
81%
AfricaSeychelles
81%
EuropeCyprus
81%
AfricaComoros
81%
North AmericaEl Salvador
81%
AsiaTajikistan
81%
South AmericaPeru
81%
EuropeSweden
81%
AsiaTurkmenistan
81%
AsiaJordan
81%
AsiaUnited Arab Emirates
81%
AsiaUzbekistan
81%
AsiaLaos
81%
AfricaBenin
81%
North AmericaHonduras
81%
AfricaGhana
77%
AsiaCambodia
77%
AfricaCongo
77%
AsiaSri Lanka
77%
AfricaSouth Africa
77%
AsiaKuwait
77%
EuropeIceland
77%
AfricaSenegal
77%
EuropeCzechia
77%
EuropeHungary
77%
AfricaDjibouti
77%
North AmericaDominican Republic
77%
AfricaMauritius
77%
EuropePoland
77%
North AmericaHaiti
77%
EuropeVatican City
77%
AfricaSwaziland
77%
AsiaVietnam
73%
AfricaUganda
73%
AsiaBahrain
73%
AfricaTanzania
73%
AsiaThailand
73%
AfricaMalawi
73%
AfricaMauritania
73%
OceaniaPapua New Guinea
73%
AfricaKenya
73%
AfricaGambia
73%
AfricaMali
73%
North AmericaGrenada
73%
AfricaNamibia
73%
AfricaMozambique
73%
EuropeMalta
73%
EuropeMontenegro
73%
AsiaKazakhstan
69%
AfricaGabon
69%
North AmericaSaint Lucia
65%
OceaniaVanuatu
65%
AfricaBurkina Faso
62%
AsiaTimor Leste
62%
AfricaGuinea Bissau
62%
AfricaIvory Coast
54%
AfricaWestern Sahara
15%
Asiathe Phileppines
4%
AsiaKyrgyztan
0%

Score Distribution

Percentile by Number Answered

Percent of People with Each Score

Your Score History

You have not taken this quiz